000
00411nam a2200145Ia 4500
008
100204s9999 xx 000 0 und d
082
_b
13142
100
_a
भागवत सरोज
245
_a
निराधार
260
_b
"आशिष प्रकाशन, पुणे"
_c
1990
300
_a
168
630
_a
निराधार
730
_a
निराधार
942
_c
BOOK
999
_c
457574
_d
457571